La politica del modernismo : contra los nuevos conformistas /

Guardado en:
Autor Principal: Williams, Raymond
Formato: Libro
Publicado: Buenos Aires : Manantial, 1997
Series:Coleccion Utopia Y Critica
Materias:
Etiquetas: Agregar Etiqueta
Sin Etiquetas, Sea el primero en etiquetar este registro!
LEADER 00754nam a22002295a 4500
001 EHU.bham026621
003 AR-BHAM
005 20110509150151.0
008 130507s1997##################000#0#####d
082 3 0 |a 303.4 
100 1 |a Williams, Raymond 
245 1 0 |a La politica del modernismo :  |b contra los nuevos conformistas /  |c Raymond Williams 
260 |a Buenos Aires :  |b Manantial,  |c 1997 
300 |a 254 p. 
490 0 |a Coleccion Utopia Y Critica 
500 |a Trad. Por H. Pons; Comp. E Introd. De T. Pinkey 
653 |a Modernismo 
653 |a Cultura 
653 |a Cinematografia 
653 |a Socialismo 
859 |a AR-BHAM  |b BIB. HUMANIDADES - General  |h 303.4  |i W692  |p 417.04  |t Ej.1 
859 |a AR-BHAM  |b BIB. HUMANIDADES - General  |h 303.4  |i W692  |p 788.06  |t Ej.2